000 00260nam a22001097a 4500
999 _c15618
_d15618
003 OSt
008 190520b ||||| |||| 00| 0 eng d
082 _a664.01
_bSIN/FO
100 _aSingh, Paul R.
_93179
245 _aIntroduction to Food Engineering
942 _cBK